| 000 | 00664nam a2200229 a 4500 | ||
|---|---|---|---|
| 001 | 74808 | ||
| 003 | BD-RjUL | ||
| 005 | 20211209082615.0 | ||
| 008 | 181208s19171902enka 001 0 eng d | ||
| 035 | _a(BD-RjUL)75026 | ||
| 040 |
_aDLC _cNcRS _dBD-RjUL _beng |
||
| 041 | _aeng | ||
| 082 |
_223 _a547 _bCOT 1917 |
||
| 100 | 1 |
_aCohen, Julius Berend, _d1859- _9207753 |
|
| 245 | 1 | 0 |
_aTheoretical organic chemistry / _cby Julius B. Cohen. |
| 250 | _a2nd ed. | ||
| 260 |
_aLondon; _aNew York : _bMacmillan, _c1912 [reprinted 1917]. |
||
| 300 |
_axv, 604 pages: _bill. ; _c18 cm. |
||
| 500 | _aIncludes index | ||
| 650 | 0 |
_aChemistry, Organic. _9207754 |
|
| 942 |
_2ddc _cBK |
||
| 999 |
_c74808 _d74808 |
||